| 000 | 00713cab a22001935a 4500 | ||
|---|---|---|---|
| 001 | L158396 | ||
| 008 | 150130e20150124xxk 000 0 eng d | ||
| 035 | _a(Sirsi) u158396 | ||
| 041 | 0 | _aeng | |
| 100 | 1 | _aMartin, John | |
| 245 | 0 | 0 | _aBest-laid plans |
| 260 | _c2015 | ||
| 490 |
_aEstates Gazette _v(1503) 24 January 2015, 78-79(2) |
||
| 520 | _aHow the principle of legitimate expectation applies in planning law. This is a principle of public law that is capable of applying in the context of town and country planning. Mentions the principles of substantive and procedural legitimate expectation. | ||
| 590 | _aKA | ||
| 651 | 4 | _aUnited Kingdom | |
| 690 |
_aPlanning and development _96259 |
||
| 942 | _n0 | ||
| 999 |
_c84586 _d84586 |
||